5HLuxD.jpg

KING HENRY VIII SENIOR AND PRIMARY SCHOOL LIBRARY OPAC

WHEN ICE CREAM HAD A MELTDOWN (Record no. 6111)

000 -LEADER
fixed length control field 00777nam a22001937a 4500
005 - DATE AND TIME OF LATEST TRANSACTION
control field 20260212140811.0
008 - FIXED-LENGTH DATA ELEMENTS--GENERAL INFORMATION
fixed length control field 260212b ||||| |||| 00| 0 eng d
020 ## - INTERNATIONAL STANDARD BOOK NUMBER
International Standard Book Number 9780702313332
040 ## - CATALOGING SOURCE
Transcribing agency KH8
082 ## - DEWEY DECIMAL CLASSIFICATION NUMBER
Classification number 823.92 ROB
100 ## - MAIN ENTRY--PERSONAL NAME
Personal name ROBINSON,MICHELLE
Relator term AUTHOR
245 ## - TITLE STATEMENT
Title WHEN ICE CREAM HAD A MELTDOWN
260 ## - PUBLICATION, DISTRIBUTION, ETC.
Place of publication, distribution, etc. 1 London Bridge,London,SE1 9BA
Name of publisher, distributor, etc. Scholastic
Date of publication, distribution, etc. 2022
300 ## - PHYSICAL DESCRIPTION
Extent 16 pages
Other physical details Colour illustration
Dimensions 25 cm x 28 cm
520 ## - SUMMARY, ETC.
Summary, etc. A laugh-out-loud picture book that explores our emotions and reassures toddlers that having the wobbles is OK. Ice Cream lives inside a van. It visits lots of places. Spreading joy and sprinkles, putting smiles on people's faces. -Library Thing-
650 ## - SUBJECT ADDED ENTRY--TOPICAL TERM
Topical term or geographic name entry element Juvenile Fiction
Form subdivision Emotions
655 ## - INDEX TERM--GENRE/FORM
Genre/form data or focus term Food
942 ## - ADDED ENTRY ELEMENTS (KOHA)
Source of classification or shelving scheme
Koha item type Books - Fiction
Holdings
Withdrawn status Lost status Source of classification or shelving scheme Damaged status Not for loan Collection code Permanent Location Current Location Shelving location Date acquired Total Checkouts Full call number Barcode Date last seen Date last checked out Price effective from Koha item type Public note
          Fiction KH8 Primary School Library KH8 Primary School Library Fiction 2026-02-12 1 823.92 ROB KHPL000008307 2026-03-10 2026-03-03 2026-02-12 Books - Fiction PRIMARY LIBRARY

Powered By KH8 IT Dept